MARC details
| 000 -LEADER |
| fixed length control field |
01148cam a2200349 i 4500 |
| 003 - CONTROL NUMBER IDENTIFIER |
| control field |
TR-AnTOB |
| 005 - DATE AND TIME OF LATEST TRANSACTION |
| control field |
20240115134531.0 |
| 007 - PHYSICAL DESCRIPTION FIXED FIELD--GENERAL INFORMATION |
| fixed length control field |
ta |
| 008 - FIXED-LENGTH DATA ELEMENTS--GENERAL INFORMATION |
| fixed length control field |
040303m20061997tu b 000 0 tur d |
| 020 ## - INTERNATIONAL STANDARD BOOK NUMBER |
| International Standard Book Number |
9789758868222 |
| Terms of availability |
(paperback) |
|
| International Standard Book Number |
9758868225 |
| Terms of availability |
(paperback) |
| 040 ## - CATALOGING SOURCE |
| Original cataloging agency |
BGZ |
| Language of cataloging |
eng |
| Description conventions |
rda |
| Transcribing agency |
BGZ |
| Modifying agency |
TR-AnTOB |
| 041 0# - LANGUAGE CODE |
| Language code of text/sound track or separate title |
Türkçe |
| 050 ## - LIBRARY OF CONGRESS CALL NUMBER |
| Classification number |
DS62.8 |
| 090 ## - LOCALLY ASSIGNED LC-TYPE CALL NUMBER (OCLC); LOCAL CALL NUMBER (RLIN) |
| Classification number (OCLC) (R) ; Classification number, CALL (RLIN) (NR) |
DS62.8 |
| Local cutter number (OCLC) ; Book number/undivided call number, CALL (RLIN) |
.P37 2002 |
| 100 1# - MAIN ENTRY--PERSONAL NAME |
| Personal name |
Parlar, Suat |
| Relator term |
author |
| 9 (RLIN) |
13212 |
| 245 10 - TITLE STATEMENT |
| Title |
Ortadoğu : |
| Remainder of title |
vadedilmiş topraklar / |
| Statement of responsibility, etc. |
Suat Parlar. |
| 250 ## - EDITION STATEMENT |
| Edition statement |
3.baskı |
| 264 #1 - PRODUCTION, PUBLICATION, DISTRIBUTION, MANUFACTURE, AND COPYRIGHT NOTICE |
| Place of production, publication, distribution, manufacture |
İstanbul : |
| Name of producer, publisher, distributor, manufacturer |
Mephisto basım yayın, |
| Date of production, publication, distribution, manufacture, or copyright notice |
2006. |
| 300 ## - PHYSICAL DESCRIPTION |
| Extent |
468 pages ; |
| Dimensions |
20 cm. |
| 336 ## - CONTENT TYPE |
| Source |
rdacontent |
| Content type term |
text |
| 337 ## - MEDIA TYPE |
| Source |
rdamedia |
| Media type term |
unmediated |
| 338 ## - CARRIER TYPE |
| Source |
rdacarrier |
| Carrier type term |
volume |
| 504 ## - BIBLIOGRAPHY, ETC. NOTE |
| Bibliography, etc. note |
|
| 590 ## - LOCAL NOTE (RLIN) |
| Local note |
Donated by Levent Kuşoğlu |
| 651 #0 - SUBJECT ADDED ENTRY--GEOGRAPHIC NAME |
| Geographic name |
Middle East |
| General subdivision |
Politics and government |
| Chronological subdivision |
20th century |
| 9 (RLIN) |
28747 |
|
| Geographic name |
Orta Doğu |
| General subdivision |
Siyaset ve yönetim |
| Chronological subdivision |
20. yüzyıl |
| Source of heading or term |
etuturkob |
| 9 (RLIN) |
28745 |
|
| Geographic name |
Middle East |
| General subdivision |
History |
| Chronological subdivision |
20th century |
| 9 (RLIN) |
25072 |
|
| Geographic name |
Orta Doğu |
| General subdivision |
Tarih |
| Chronological subdivision |
20. yüzyıl |
| Source of heading or term |
etuturkob |
| 9 (RLIN) |
99605 |
| 942 ## - ADDED ENTRY ELEMENTS (KOHA) |
| Source of classification or shelving scheme |
Library of Congress Classification |
| Koha item type |
Book |